| 000 -LEADER |
| fixed length control field |
00651nam a22001217a 4500 |
| 040 ## - CATALOGING SOURCE |
| Transcribing agency |
rua |
| 100 ## - MAIN ENTRY--AUTHOR NAME |
| Personal name |
LIM MENGSRONG លីម ម៉េងស្រុង |
| 245 ## - TITLE STATEMENT |
| Title |
STUDY ON LAND MARKET CHANGE IN SANGLAT KANTAOK, KHAN KAMBOUL, PHNOM PENH សិក្សាអំពីការបម្រែបម្រួលទីផ្សារដីធ្លីនៅសង្កាត់កន្ទោក ខណ្ឌកំបូល រាជធានីភ្នំពេញ |
| 260 ## - PUBLICATION, DISTRIBUTION, ETC. (IMPRINT) |
| Place of publication |
PHNOM PENH |
| Name of publisher |
RUA |
| Year of publication |
2023 |
| 300 ## - PHYSICAL DESCRIPTION |
| Number of Pages |
X.58P |
| Other physical details |
VII. |
| Dimensions |
29CM |
| 856 ## - ELECTRONIC LOCATION AND ACCESS |
| Uniform Resource Identifier |
https://drive.google.com/file/d/1O06ZZfvKhyT76waazwIVF7sacreLJBBj/view?usp=sharing |
| 942 ## - ADDED ENTRY ELEMENTS (KOHA) |
| Koha item type |
LMA |
| 952 ## - LOCATION AND ITEM INFORMATION (KOHA) |
| Withdrawn status [LOCAL, KOHA] |
0 |
| 952 ## - LOCATION AND ITEM INFORMATION (KOHA) |
| Withdrawn status [LOCAL, KOHA] |
0 |
| 952 ## - LOCATION AND ITEM INFORMATION (KOHA) |
| Withdrawn status [LOCAL, KOHA] |
0 |
| 952 ## - LOCATION AND ITEM INFORMATION (KOHA) |
| Withdrawn status [LOCAL, KOHA] |
0 |